SCIENZA E UOMO

Сохранить в:
Библиографические подробности
Формат:
Серии:(IL CRISTIANESIMO E LE SCIENZE; 2)
Предметы:
Метки: Добавить метку
Нет меток, Требуется 1-ая метка записи!

MARC

LEADER 00000nam^a2200000^a^4500
001 000220530
005 20250521000000.0
009 20260310103848.746
035 |a 013099 
037 |a Acervo Xavier Clavigero 
082 |a 500.  |b SCI 
245 1 0 |a SCIENZA E UOMO 
264 |a ROMA :  |b STUDIUM CHRISTI,  |c 1949 
300 |a 285p. :  |b il. 
336 |a texto  |b txt  |2 rdacontenido 
337 |a sin mediación  |b n  |2 rdamedio 
338 |a volumen  |b nc  |2 rdasoporte 
440 3 |a (IL CRISTIANESIMO E LE SCIENZE;  |v 2) 
649 |a XX 
650 |a Ciencia 
650 |a Hombre 
910 |a Fondo General 
920 |a Impresos - Libros 
930 |a Colección General 
905 |a 101 
901 |a 013099  |b IT1  |c ACC  |i 013099  |u 20250521 
902 |a https://opac.biblio.iteso.mx/vufind/Record/000220530